<A> Practical Guide to Designing Expert Systems
Uložené v:
| Hlavný autor: | |
|---|---|
| Ďalší autori: | |
| Médium: | Kniha |
| Jazyk: | English |
| Vydavateľské údaje: |
Totowa
Rowman and Allanheld Publ.
1984
|
| Vydanie: | 1. ed. |
| Predmet: | |
| Tagy: |
Žiadne tagy, Buďte prvý, kto otaguje tento záznam!
|
MARC
| LEADER | 00000nam a2200000 4500 | ||
|---|---|---|---|
| 001 | c010163 | ||
| 005 | 20221207074933.0 | ||
| 020 | |a 0-86598-108-6 | ||
| 041 | 0 | |a eng | |
| 044 | |a US | ||
| 245 | 1 | 0 | |a <A> Practical Guide to Designing Expert Systems |c Sholom M. Weiss, Casimir A. Kulikowski |
| 250 | |a 1. ed. | ||
| 264 | 1 | |a Totowa |b Rowman and Allanheld Publ. |c 1984 | |
| 300 | |a 174 s. | ||
| 610 | 2 | 0 | |a systémy expertné |
| 610 | 2 | 0 | |a projektovanie |
| 610 | 2 | 0 | |a modely matematicko-logické |
| 610 | 2 | 0 | |a metódy inžinierstva systémového |
| 100 | 1 | |a Weiss, Sholom M. | |
| 700 | 1 | |a Kulikowski, Casimir A. | |